[Event "Corus"]
[Site "Wijk aan Zee 69"]
[Date "2007.??.??"]
[Round "13"]
[White "Aronian, Levon"]
[Black "Tiviakov, Sergei"]
[Result "1-0"]
[WhiteElo "2740"]
[BlackElo "2665"]
[Annotator "JvR"]
[PlyCount "85"]
[EventDate "2007.??.??"]
[EventCountry "NED"]

1. d4 Nf6 2. c4 e6 3. Nf3 b6 4. g3 Bb7 5. Bg2 Be7 6. O-O c6 7. Nc3 d5 8. Nd2
O-O 9. e4 dxc4 10. Nxc4 Ba6 11. b3 b5 12. Ne3 b4 13. Ne2 Bxe2 14. Qxe2 Qxd4 15.
Bb2 Qb6 16. Nc4 Qb5 {The extra black pawn has little value.} 17. Bxf6 Bxf6 (
17... gxf6 {17. .. gxf6 drew in Smyslov - Guimard, Groningen 1946.}) 18. e5 Be7
{This position ended as a draw in Brodsky -Tiviakov, Port Erin 2005. Aronian
needs a win and sees chances on the kingside.} 19. Rad1 $5 (19. Rfd1 $5 {was
played in Nika - Maric, Thessaloniki 1988.}) 19... a5 20. Be4 $1 Ra7 21. h4 Nd7
22. h5 Nxe5 $5 ({More solid is} 22... f5 23. exf6 Rxf6) 23. Qe3 Ng4 $2 {
Tiviakov starts a dubious counter.} (23... Bc5 $1 24. Bxh7+ Kxh7 25. Qe4+ Kg8
26. Nxe5 {gives mutual chances (Aronian).}) 24. Qxa7 Qxh5 25. Kg2 Bc5 26. Qxa5
Qh2+ 27. Kf3 Bxf2 $6 ({Better is} 27... Nxf2 $1 28. Qxc5 Nxd1 29. Bxh7+ $1 Kxh7
$1 30. Rxd1 $1 {and White has an advantage (Marin).} ({not} 30. Qxf8 $2 Qh5+
31. Kg2 Qe2+ 32. Kg1 Ne3 33. Nxe3 Qxe3+ $11)) 28. Rd8 $5 Qxg3+ 29. Ke2 Bc5 30.
Rxf8+ Bxf8 31. Qa7 Qh2+ 32. Kd1 f6 33. Qd7 Nf2+ 34. Ke1 Nxe4 35. Qxe6+ Kh8 36.
Qxe4 Qxa2 37. Qe8 Kg8 38. Rf3 Qb1+ 39. Kf2 c5 40. Qe6+ Kh8 41. Ne5 h6 42. Nd7
Qc2+ 43. Qe2 {Radjabov drew with Topalov. So Aronian joined the leaders. They
scored 81/2/13. Kramnik (8), Anand (71/2) and Svidler (7) followed.} 1-0

[Event "Corus B"]
[Site "Wijk aan Zee 69"]
[Date "2007.??.??"]
[Round "9"]
[White "L'Ami, Erwin"]
[Black "Eljanov, Pavel"]
[Result "1-0"]
[WhiteElo "2590"]
[BlackElo "2675"]
[Annotator "JvR"]
[PlyCount "101"]
[EventDate "2007.??.??"]
[EventCountry "NED"]

{A battle between the Dutch hope and the rest of the world raged in the B
group.} 1. d4 Nf6 2. c4 e6 3. Nc3 Bb4 4. Qc2 O-O 5. a3 Bxc3+ 6. Qxc3 d6 7. g3
Bd7 8. Bg2 Bc6 9. f3 d5 10. Nh3 dxc4 11. Qxc4 Nbd7 12. e4 Nb6 13. Qc3 a5 14.
O-O Bb5 15. Rd1 c6 16. Be3 a4 17. Nf4 Nc4 18. Bf2 Na5 19. Nd3 Nd7 20. Nc5 Qe7
21. Re1 Nxc5 22. dxc5 Rfd8 23. Rad1 Rxd1 24. Rxd1 Rd8 25. Rd6 Nc4 26. Rxd8+
Qxd8 27. Qd4 Qc7 $5 {Eljanov avoids further exchanges, because he plays for a
win in each game.} 28. Bf1 Ne5 29. Qc3 f6 30. f4 $1 Ng4 31. Bc4 Qd7 $2 {Black
blunders positionally.} ({Right is} 31... Kf7 $1 {and White has a plus.}) 32.
Qd4 $1 Qe8 33. h3 $1 Nxf2 34. Kxf2 h6 35. f5 $1 Bxc4 36. Qxc4 Kf7 37. g4 Qd7
38. Ke2 Ke7 39. Qxa4 $1 Qc7 40. Qb4 Qh2+ 41. Kd1 $1 exf5 42. Qxb7+ Kf8 43. Qxc6
f4 44. Qd6+ Kf7 45. c6 Qh1+ 46. Kd2 Qg2+ 47. Kc3 Qxh3+ 48. Kb4 Qxg4 49. c7 Qc8
50. Qd8 Qb7+ 51. Kc3 {Eljanov won the B group despite this loss. L'Ami scored
71/2/13 and headed the Dutch contingent.} 1-0

[Event "Corus"]
[Site "Wijk aan Zee 70"]
[Date "2008.??.??"]
[Round "1"]
[White "Radjabov, Teimour"]
[Black "Anand, Viswanathan"]
[Result "1-0"]
[WhiteElo "2735"]
[BlackElo "2799"]
[Annotator "JvR"]
[PlyCount "169"]
[EventDate "2008.??.??"]
[EventCountry "NED"]

{The seventieth tournament was another top event. World champion Anand
competed with the young men Aronian, Carlson and Radjabov.} 1. d4 d5 2. c4 c6
3. Nc3 Nf6 4. Nf3 e6 5. Bg5 h6 6. Bh4 dxc4 7. e4 g5 8. Bg3 b5 9. Be2 Bb7 10.
O-O Nbd7 11. Ne5 Bg7 12. Nxd7 Nxd7 13. Bd6 a6 14. Re1 $5 (14. a4 {was played
in Radjabov - Anand, Mainz 2006.}) 14... Bf8 15. Bg3 Bg7 16. Bd6 Bf8 17. Bxf8
$5 Rxf8 18. b3 b4 19. Na4 c3 20. a3 a5 21. d5 $1 Qe7 $6 ({Preferable is} 21...
cxd5 22. Bb5 Ke7 $1) 22. d6 Qf6 23. e5 $1 {Black loses a tempo.} Qf4 $1 ({Not} 
23... Nxe5 $2 24. Nc5 $1) ({nor} 23... Qxe5 $2 24. Ba6 $1) 24. Bd3 bxa3 25. Qe2
Qd2 26. Rxa3 Qxe2 $6 ({Wiser is} 26... f6 27. exf6 Rxf6) 27. Rxe2 g4 28. Nxc3
Rg8 29. Ne4 Kd8 30. Nd2 c5 $2 ({Anand analyses} 30... Rg5 $1 31. f4 gxf3 32.
Nxf3 Rg4) 31. Bb5 Bd5 32. Nc4 Rg5 33. Rea2 $1 Nxe5 34. Nb6 Rb8 35. Rxa5 $1 Be4
36. Ra7 f6 37. R2a6 Rg8 38. Rc7 Rf8 39. Rxc5 $2 (39. Re7 $1 {aims the attack
on the king.}) 39... Rf7 40. d7 $1 Nxd7 41. Nxd7 Rxd7 42. Bxd7 Kxd7 43. Rc3 f5
44. Ra7+ Kd6 45. Rh7 Bd5 46. Rxh6 Bxb3 47. h3 gxh3 48. Rhxh3 Bd5 49. Rc2 Ke5
50. f3 Kf6 51. Kf2 Rb4 52. Re2 Kg6 53. Kg3 Ra4 54. Rh4 Ra7 55. Rb2 Kf6 56. Rhb4
Ke5 57. Re2+ Kf6 58. Rd2 Ke5 59. Re2+ Kf6 60. Kf4 Ra3 61. Rd2 Ra5 62. Re2 Ra3
63. Kg3 Ra8 (63... Ra7 $1 {drawn (Anand).}) 64. Rc2 Ke5 65. Rh4 Rg8+ 66. Kh2
Ra8 67. Re2+ Kf6 68. f4 $1 Ke7 69. Rh7+ Kd6 $2 {Square f6 becomes available.} (
{Right is} 69... Kf6 $1 {(Anand).}) 70. Kg3 Rg8+ 71. Kh3 $1 Rg4 72. g3 Rg8 73.
Rd2 Rc8 74. Kh4 Rc3 75. Rg7 Ra3 76. Rc2 Bc6 77. Rc1 Rb3 78. Rg1 Bd5 79. Kg5 Kc5
80. Kf6 Kd4 81. Re1 Rb6 82. Rd7 Rc6 83. Ke7 Ra6 84. Rd6 Ra7+ 85. Kf6 {The
world champion started with a defeat.} 1-0

[Event "Corus"]
[Site "Wijk aan Zee 70"]
[Date "2008.??.??"]
[Round "2"]
[White "Gelfand, Boris"]
[Black "Aronian, Levon"]
[Result "0-1"]
[WhiteElo "2737"]
[BlackElo "2739"]
[Annotator "JvR"]
[PlyCount "60"]
[EventDate "2008.??.??"]
[EventCountry "NED"]

1. d4 d5 2. c4 c6 3. Nf3 Nf6 4. e3 a6 5. Nc3 b5 6. c5 Nbd7 7. Bd3 e5 8. Nxe5
Nxe5 9. dxe5 Ng4 10. f4 Bxc5 11. Qf3 Qb6 12. Ke2 Nh6 13. h3 {Boris likes to
play the Gelfand Variation.} Nf5 $5 14. g4 Ne7 15. Bd2 $5 O-O 16. Rac1 f6 $1
17. exf6 Rxf6 18. e4 Bd4 19. exd5 cxd5 20. Kd1 Rf7 21. Re1 Bb7 22. Qe2 Ng6 23.
Bxg6 hxg6 $5 24. Qe6 Rd8 25. Qxb6 Bxb6 26. Re6 Ba7 $1 27. Ne2 d4 $1 {Black
keeps an edge.} 28. Ng3 d3 29. Rxg6 $4 {This move costs a piece.} (29. Ne4 $1
Bd5 30. Rd6 Rxd6 31. Rc8+ $1 Rf8 32. Nxd6 Rxc8 33. Nxc8 Bf3+ 34. Ke1 Bc5 35. b4
Bg1 36. f5 $1 gxf5 37. Ne7+ Kf7 38. Nxf5 {fights for survival.}) 29... Bf2 $1 {
Black threatens mate in one.} 30. Ba5 Bxg3 $1 (30... Bxg3 31. Bxd8 Bf3+ 32. Kd2
Bxf4+ 33. Kxd3 Rd7+ {wins easily.}) 0-1

[Event "Corus"]
[Site "Wijk aan Zee 70"]
[Date "2008.??.??"]
[Round "5"]
[White "Eljanov, Pavel"]
[Black "Radjabov, Teimour"]
[Result "0-1"]
[WhiteElo "2692"]
[BlackElo "2735"]
[Annotator "JvR"]
[PlyCount "66"]
[EventDate "2008.??.??"]
[EventCountry "NED"]

1. d4 Nf6 2. c4 g6 3. Nc3 Bg7 4. e4 d6 5. Bd3 O-O 6. Nge2 c5 7. d5 e6 8. Bg5 h6
9. Bf4 Ng4 $5 {Radjabov postpones the exchange on d5.} 10. Qd2 Na6 11. a3 Nc7
12. f3 Ne5 13. O-O exd5 14. cxd5 Nxd3 15. Qxd3 b6 16. Qd2 Kh7 17. Ng3 Ba6 18.
Rfe1 Re8 19. a4 Bc4 20. Nf1 Bxf1 21. Rxf1 a6 22. Bg3 Qd7 23. Rae1 (23. Rfe1 $1
{moves the right bishop.}) 23... b5 $1 24. f4 $2 {White weakens his pawn
centre.} (24. a5 b4 25. Nd1) 24... b4 25. Nd1 f5 26. exf5 Qxf5 27. Ne3 Rxe3 $1
28. Rxe3 Bd4 29. Bf2 Bxe3 30. Bxe3 Nxd5 31. Rd1 Re8 $5 32. Bf2 $2 ({
Commentators mention} 32. Qxd5 Qxd5 33. Rxd5 Rxe3 34. Rxd6 Re2 {but} 35. Rxa6 (
{or} 35. b3 c4 $1) 35... Rxb2 36. Ra7+ Kg8 37. a5 c4 38. a6 Ra2 $1 39. Rb7 c3 {
wins for Black.}) 32... Nxf4 33. Qxd6 Qe4 {Radjabov had won in another King's
Indian Defence.} 0-1

[Event "Corus"]
[Site "Wijk aan Zee 70"]
[Date "2008.??.??"]
[Round "6"]
[White "Carlsen, Magnus"]
[Black "Polgar, Judit"]
[Result "1-0"]
[WhiteElo "2733"]
[BlackElo "2707"]
[Annotator "JvR"]
[PlyCount "103"]
[EventDate "2008.??.??"]
[EventCountry "NED"]

{The round started with a minute of silence for the deceased Bobby Fischer.} 1.
d4 Nf6 2. c4 e6 3. Nc3 Bb4 4. Qc2 d5 5. a3 Bxc3+ 6. Qxc3 Ne4 7. Qc2 c5 8. dxc5
Nc6 9. cxd5 exd5 10. e3 Qf6 $5 ({Theory is} 10... Bf5 $1 11. Bd3 Qg5 {
(Bromberger - Van den Doel, Bundesliga 2000).}) 11. f3 $1 Qh4+ 12. g3 Nxg3 13.
Qf2 Nf5 14. Qxh4 Nxh4 15. b4 a6 $6 ({Better is} 15... f6 $1 16. Bb2 Kf7 17. Kf2
Ne5) 16. Kf2 $1 Ne5 17. Bb2 f6 18. Rd1 Be6 19. Ne2 $1 {White continues his
development in a smart way.} Bf7 $5 ({The pointe is} 19... Nhxf3 $6 20. Nf4 Bf7
21. Bg2 Nh4 22. Bxd5) 20. Rg1 Nc4 $2 ({More useful is} 20... Rg8) 21. Bc1 g5
22. Nc3 O-O-O 23. e4 dxe4 24. Rxd8+ Rxd8 25. Nxe4 Kc7 {The black position
falls apart.} ({Or} 25... Ne5 26. f4 $1 Nef3 27. Rg3) 26. Nxf6 h6 27. f4 $1 Nd2
28. Be2 Nb3 29. Be3 Nd4 30. Bxd4 Rxd4 31. fxg5 Rf4+ 32. Ke1 $1 hxg5 33. Nh7 $1
Bd5 34. Nxg5 Kc6 35. Rf1 Rxf1+ 36. Bxf1 a5 37. Kd2 axb4 38. axb4 b6 39. cxb6
Kxb6 40. Bd3 Bc6 41. Kc3 Bd7 42. Be4 Bg4 43. Nf7 Bf3 44. Bd3 Bc6 45. Ne5 Bd5
46. Ng6 Ng2 47. Kd4 Bb7 48. h4 Bf3 49. Bf1 Ne1 50. Ne5 Nc2+ 51. Kc3 Be4 52. h5
{Carlsen scored his third win and took the lead.} 1-0

[Event "Corus"]
[Site "Wijk aan Zee 70"]
[Date "2008.??.??"]
[Round "6"]
[White "Kramnik, Vladimir"]
[Black "Aronian, Levon"]
[Result "1-0"]
[WhiteElo "2799"]
[BlackElo "2739"]
[Annotator "JvR"]
[PlyCount "219"]
[EventDate "2008.??.??"]
[EventCountry "NED"]

1. d4 d5 2. c4 c6 3. Nf3 Nf6 4. Nc3 e6 5. Bg5 h6 6. Bh4 dxc4 7. e4 g5 8. Bg3 b5
9. Be2 Bb7 10. O-O Nbd7 11. Ne5 Bg7 12. Nxd7 Nxd7 13. Bd6 a6 14. a4 e5 15. Bg4
exd4 16. e5 c5 17. Re1 Nxe5 18. Bxe5 O-O 19. Bxg7 Kxg7 20. Ne2 f5 21. Bh5 f4
22. b4 cxb3 23. Qxb3 Qd5 24. Qh3 Bc8 {All these sharp moves in the Slav
Defence are known.} 25. Nc3 $1 {Knamnik has prepared a fine novelty.} (25. Qd3
{occurred in Radjabow - Anand, Mainz 2006.}) 25... dxc3 ({The pointe is} 25...
Bxh3 $2 26. Nxd5 Bf5 27. Re7+ Kh8 28. Nc7 {(Kramnik).}) 26. Qxc3+ Qd4 27. Qf3
Ra7 28. axb5 Qf6 $6 (28... Rf6 $5 29. Rad1 Qc4 30. Rd8 {favours White
according to Kramnik.} {But} Bf5 $1 31. Qa3 Qxb5 {seems to give defensive
opportunities.}) 29. Qa3 $1 Qb6 30. Qc3+ Kg8 31. Re5 Qf6 32. Qxc5 Rd7 33. h4 $1
gxh4 34. Bg4 $6 (34. bxa6 $1 Bxa6 35. Bg4 Rd6 36. Rae1 {develops a strong
attack (Kramnik).}) 34... Rdd8 35. Bxc8 Rxc8 36. Qd5+ Qf7 37. bxa6 $6 (37. Re6
$1 a5 38. Rxa5 Rcd8 {(Kramnik)} 39. Qe4 $1 Rde8 40. Raa6 Rxe6 41. Rxe6 Qf5 42.
Qc4 {wins for White.}) 37... Qxd5 38. Rxd5 Rf7 39. a7 Ra8 40. Rda5 Kh7 41. R1a3
h3 $1 42. gxh3 f3 $1 43. Kh2 Rg7 $1 44. h4 Rg2+ 45. Kh3 Rg7 $1 46. Ra6 Rf7 47.
R3a5 Rg7 48. h5 Rf7 49. Kg4 Rg8+ 50. Kh3 Ra8 51. Kg4 Rg8+ 52. Rg6 Ra8 53. Raa6
Raxa7 54. Rxh6+ Kg8 55. Rag6+ Rg7 56. Kxf3 Rxg6 57. Rxg6+ Kf7 {The players
have reached a theoretical draw.} 58. Rg4 Ra1 59. Kg3 Rh1 60. Rh4 Ra1 61. Rb4
Kg7 62. Rb6 Rg1+ 63. Kf4 Rh1 64. Kg5 Rg1+ 65. Kf5 Rh1 66. h6+ Kh7 67. Ra6 Rf1
68. f4 Rb1 69. Re6 Ra1 70. Rf6 Re1 71. Kg4 Ra1 72. f5 Rg1+ 73. Kf4 Rf1+ 74. Ke5
Re1+ 75. Kd6 Rf1 76. Ke7 Rf2 77. Rf8 Re2+ 78. Kf7 Ra2 79. Rd8 Ra7+ ({Or} 79...
Kxh6 $1 80. f6 Ra7+ 81. Ke8 Kg6) 80. Kf6 Ra1 81. Rd2 Rb1 82. Ra2 Rb3 83. Rh2
Rb1 84. Rh4 Rb8 85. Kg5 Rg8+ 86. Kf4 Ra8 87. Kg5 Rg8+ 88. Kf6 Ra8 89. Re4 Ra1
90. Re8 Ra2 91. Re1 Ra3 92. Rh1 Ra2 93. Kg5 Rg2+ 94. Kf4 Rf2+ 95. Ke4 Re2+ 96.
Kf3 Ra2 97. Ke4 Re2+ 98. Kd4 Rd2+ 99. Ke3 Ra2 100. f6 $1 Ra7 101. Rf1 Kg6 102.
Ke4 Ra4+ 103. Kd5 $1 {Aronian has to find two difficult moves.} Kf7 $2 (103...
Ra5+ $1 104. Kc6 Ra7 $1) 104. Rh1 $1 Ra5+ 105. Kc4 Ra4+ 106. Kb5 Ra8 107. h7
Rh8 108. Rh6 $1 Rb8+ 109. Kc6 Rc8+ 110. Kd6 {Kramnik was competing for the
first place.} 1-0

[Event "Corus"]
[Site "Wijk aan Zee 70"]
[Date "2008.??.??"]
[Round "7"]
[White "Aronian, Levon"]
[Black "Radjabov, Teimour"]
[Result "1-0"]
[WhiteElo "2739"]
[BlackElo "2727"]
[Annotator "JvR"]
[PlyCount "95"]
[EventDate "2008.??.??"]
[EventCountry "NED"]

1. d4 Nf6 2. c4 g6 3. Nc3 Bg7 4. g3 c5 5. d5 O-O 6. Bg2 d6 7. Nf3 e6 8. O-O
exd5 9. cxd5 Re8 10. Nd2 b6 11. Re1 Nbd7 12. h3 $5 ({Aronian diverts from} 12.
Nc4) 12... Ba6 $5 13. Qa4 $1 Bd3 $5 ({The pointe is} 13... Qc8 $5 14. Nde4 $1
Nxe4 15. Nxe4 b5 16. Qd1 {(Aronian).}) 14. Nf1 b5 $5 15. Qd1 $1 (15. Nxb5 $2
Nb6 16. Qa5 Rxe2 {favours Black.}) 15... Bc4 {Black develops his queenside in
a spectacular way.} 16. Nd2 Nb6 17. Nxc4 Nxc4 18. Nxb5 Qa5 19. a4 $6 Nd7 $2 (
19... Ne4 $1 20. e3 a6 21. Na3 Nxb2 {takes the initiative.}) 20. Bf4 Bxb2 21.
Rb1 Be5 $1 22. Qc1 $1 a6 $6 {Radjabov gives a pawn but be does not get enough
compensation.} ({Better is} 22... Bxf4 $1 23. gxf4 $1 Nd2 $1 24. Nxd6 Nxb1 25.
Nxe8 Rxe8 26. Qxb1 Rb8 $1 {and Black has a counteraction.}) 23. Qxc4 axb5 24.
axb5 Nb6 25. Qc1 c4 26. Bxe5 Rxe5 27. e4 Ree8 28. Re3 Qa2 29. h4 Nd7 30. Rc3
Nb6 31. h5 Re5 32. h6 f5 33. exf5 Rxf5 34. Rc2 Qa3 35. Qd2 Qc5 36. Bh3 Rf3 37.
Rc3 Rf6 38. Be6+ Kh8 39. Re3 Raf8 40. Qb2 Na4 41. Qa3 Rxf2 42. Qxc5 dxc5 43.
Ra3 Nb6 44. Rd1 R2f6 45. Rda1 g5 46. Ra6 $1 c3 47. Rxb6 c2 48. Rc6 1-0

[Event "Corus"]
[Site "Wijk aan Zee 70"]
[Date "2008.??.??"]
[Round "8"]
[White "Anand, Viswanathan"]
[Black "Topalov, Veselin"]
[Result "1-0"]
[WhiteElo "2799"]
[BlackElo "2780"]
[Annotator "JvR"]
[PlyCount "79"]
[EventDate "2008.??.??"]
[EventCountry "NED"]

1. e4 c5 2. Nf3 d6 3. d4 cxd4 4. Nxd4 Nf6 5. Nc3 a6 6. Be3 e5 7. Nb3 Be6 8. f3
h5 9. Nd5 Bxd5 10. exd5 Nbd7 11. Qd2 g6 12. O-O-O Nb6 $5 13. Qa5 {White has a
pleasant game.} Bh6 14. Bxh6 Rxh6 15. Kb1 Rc8 16. Qb4 $1 Kf8 $6 ({The
intention is} 16... Nfxd5 $5 17. Rxd5 Nxd5 18. Qd2 {(Anand)} {and now} Qc7 $1
19. c4 $1 Nf4 20. g3 b5 $1 21. cxb5 Ne6 {leads to chances for both players.})
17. c4 Kg7 18. g3 $1 Rh8 19. Rc1 Qc7 20. Bh3 $1 Rce8 21. Rhd1 Re7 22. a3 Rd8
23. Nd2 Nbd7 24. Qc3 a5 $2 {Passivity becomes fatal for Black.} ({The faint by
} 24... Nc5 $1 25. b4 Ncd7 26. g4 hxg4 27. fxg4 a5 {brings timely counter-play
(Anand).}) 25. Bxd7 Nxd7 26. f4 Nf6 27. Rf1 b6 28. h3 Qd7 29. f5 $1 Rf8 30. Qe3
$1 e4 $5 31. g4 $1 hxg4 32. hxg4 Re5 ({Or} 32... Nxg4 $2 33. Qg5 Nf6 34. Rh1 $1
) 33. Rf4 Qd8 34. g5 $1 Nh5 35. f6+ Kg8 36. Rxe4 Rfe8 37. Ka2 $1 a4 38. Rc3 Qc7
39. Qd4 Qc5 40. Qxc5 {Carlsen kept the lead.} 1-0

[Event "Corus"]
[Site "Wijk aan Zee 70"]
[Date "2008.??.??"]
[Round "9"]
[White "Topalov, Veselin"]
[Black "Kramnik, Vladimir"]
[Result "1-0"]
[WhiteElo "2780"]
[BlackElo "2799"]
[Annotator "JvR"]
[PlyCount "89"]
[EventDate "2008.??.??"]
[EventCountry "NED"]

{The players do not shake hands, but make no trouble during the game.} 1. d4 d5
2. c4 c6 3. Nf3 Nf6 4. Nc3 e6 5. Bg5 h6 6. Bh4 dxc4 7. e4 g5 8. Bg3 b5 9. Be2
Bb7 10. O-O Nbd7 11. Ne5 Bg7 12. Nxf7 $5 {This great novelty was suggested by
Cheparinov. It has been investigated three years ago. They analysed deeply.}
Kxf7 13. e5 Nd5 14. Ne4 Ke7 15. Nd6 {White has a strong attack for the piece.}
Qb6 (15... Rb8 $1 {will be tried in a later game.}) 16. Bg4 Raf8 17. Qc2 Qxd4
$6 ({Topalov prefers} 17... Rhg8 $5) 18. Qg6 $1 Qxg4 19. Qxg7+ Kd8 20. Nxb7+
Kc8 21. a4 $1 b4 22. Rac1 c3 23. bxc3 b3 $2 ({Better is} 23... Rhg8 $1 {
(Krasenkov)}) 24. c4 $1 Rfg8 25. Nd6+ Kc7 26. Qf7 Rf8 27. cxd5 $2 {The queen
sacrifice does not suffice.} ({A win brings} 27. h3 $1 Rxf7 28. hxg4 Nf4 29.
Nxf7 Ne2+ 30. Kh2 Nxc1 31. Rxc1 b2 32. Rb1 Rb8 33. f4 gxf4 34. Bf2 {(Krasenkov)
.}) 27... Rxf7 28. Rxc6+ Kb8 29. Nxf7 Re8 $2 ({Right is} 29... Qe2 $3 30. Rc3 (
{the pointe is} 30. Nxh8 $2 Qxf1+ 31. Kxf1 b2) 30... b2 31. Rb3+ {and White
can draw (Krasenkov).}) 30. Nd6 $1 Rh8 31. Rc4 Qe2 32. dxe6 Nb6 33. Rb4 Ka8 34.
e7 $6 Nd5 $1 35. Rxb3 Nxe7 36. Rfb1 Nd5 37. h3 h5 38. Nf7 $1 Rc8 39. e6 a6 40.
Nxg5 h4 41. Bd6 Rg8 42. R3b2 Qd3 43. e7 Nf6 44. Be5 Nd7 45. Ne6 1-0

[Event "Corus"]
[Site "Wijk aan Zee 70"]
[Date "2008.??.??"]
[Round "10"]
[White "Van Wely, Loek"]
[Black "Carlsen, Magnus"]
[Result "0-1"]
[WhiteElo "2681"]
[BlackElo "2733"]
[Annotator "JvR"]
[PlyCount "98"]
[EventDate "2008.??.??"]
[EventCountry "NED"]

1. d4 Nf6 2. c4 c5 3. d5 b5 4. cxb5 a6 5. bxa6 g6 6. Nc3 Bxa6 7. Nf3 d6 8. g3
Bg7 9. Bg2 Nbd7 10. Rb1 Qa5 11. Bd2 Nb6 12. b3 Qa3 13. O-O O-O 14. Ne1 Bb7 15.
Nc2 Qa6 $5 {Black nearly has an equal game in the Volga gambit.} 16. e4 $1 Ne8
$6 (16... e6 {puts pressure on the centre.}) 17. a4 $1 Nc7 18. Re1 Rae8 $2 {
This rook should stay on the queenside.} 19. b4 $1 Nd7 20. Nb5 $5 Rc8 {Carlsen
does not win back the pawn twice.} 21. Bh3 $1 f5 (21... Qxa4 $5 22. Nc3 $1 Bxc3
23. Bxc3 {leads to a positional advantage for White.}) 22. Bg5 $1 {Black loses
the battle in the central area.} Ne5 $5 23. bxc5 Qxa4 24. Nxc7 Rxc7 25. c6 $1
Bc8 26. exf5 Rxf5 $5 27. f4 $1 {Van Wely has a won position.} Nc4 28. Rb4 Qa7+
29. Kg2 Qc5 30. Rb8 Nb2 $5 31. Qf3 $1 Qxc2+ $5 32. Re2 Qb1 33. Bxf5 Qxf5 34. g4
Qf7 35. Bxe7 h5 36. Bxd6 hxg4 37. Qe4 Kh7 38. Bxc7 Bf5 39. Qe3 $2 {Both
players experience time troubles.} (39. Qe7 $1 Qxd5+ 40. Kg1 {wins quickly.})
39... Qxd5+ 40. Kg3 $4 {Poor Loek makes the losing move.} (40. Kg1 $1 Bd4 41.
Rh8+ $1 Kxh8 42. Be5+ Qxe5 43. fxe5 Bxe3+ 44. Rxe3 {keeps winning chances.})
40... Nc4 $1 41. Qf2 $6 (41. Qb3 $5 Qh1 $1 42. Be5 Qg1+ $1 {also wins for
Black.}) 41... Qd3+ 42. Kg2 Be4+ 43. Rxe4 Qxe4+ 44. Kf1 Qd3+ 45. Qe2 Nd2+ 46.
Ke1 Nf3+ 47. Kf1 Nxh2+ $1 48. Ke1 Bc3+ 49. Kf2 g3+ {Carlsen was very lucky and
led by 6 1/2 points.} 0-1

[Event "Corus"]
[Site "Wijk aan Zee 70"]
[Date "2008.??.??"]
[Round "11"]
[White "Aronian, Levon"]
[Black "Van Wely, Loek"]
[Result "1-0"]
[WhiteElo "2739"]
[BlackElo "2681"]
[Annotator "JvR"]
[PlyCount "81"]
[EventDate "2008.??.??"]
[EventCountry "NED"]

1. d4 d5 2. c4 c6 3. Nf3 Nf6 4. e3 a6 5. Nc3 b5 6. c5 Nbd7 7. Bd3 e5 8. Nxe5
Nxe5 9. dxe5 Ng4 10. f4 Bxc5 11. Qf3 Qb6 12. Ke2 Nh6 13. h3 Nf5 $5 14. g4 Ne7
15. Rb1 $5 ({Gelfand played} 15. Bd2 {against Aronian in round two.}) 15... a5
16. e4 $5 Bb7 17. f5 $5 Bd4 18. exd5 Bxe5 19. Be3 Qc7 20. Rbc1 $6 b4 $1 21.
dxc6 Bxc6 22. Ne4 Rd8 $2 {Black selects the wrong development.} (22... O-O $1
23. f6 Nd5 {gains an edge (Van Wely).}) 23. f6 $1 Nd5 $1 24. Rxc6 $1 Qxc6 25.
Rc1 Qd7 $2 {This move costs the queen.} (25... Qb7 $1 26. fxg7 Bxg7 {(Van Wely)
} 27. Bc5 $1 Be5 {leads to a complicated battle.}) 26. Nd6+ $1 Qxd6 27. Bb5+
Kf8 28. Bc5 Nf4+ 29. Ke1 gxf6 30. Bxd6+ Rxd6 31. Rc8+ Kg7 32. Rxh8 Kxh8 33. Qb7
Kg7 34. Be8 Kh6 35. Qxf7 Ng6 36. Qb3 Nf4 37. Qg8 Rd4 38. h4 $1 Ng2+ 39. Ke2
Nxh4 40. g5+ fxg5 41. Qe6+ {Aronian took the lead by 7/11.} 1-0

[Event "Corus"]
[Site "Wijk aan Zee 70"]
[Date "2008.??.??"]
[Round "11"]
[White "Carlsen, Magnus"]
[Black "Anand, Viswanathan"]
[Result "0-1"]
[WhiteElo "2733"]
[BlackElo "2799"]
[Annotator "JvR"]
[PlyCount "84"]
[EventDate "2008.??.??"]
[EventCountry "NED"]

{Anand has been trailing for several rounds. The world champion needs a win on
his way to a general victory.} 1. e4 c5 2. Nf3 d6 3. d4 cxd4 4. Nxd4 Nf6 5. Nc3
a6 6. Be2 e6 7. a4 Nc6 8. O-O Be7 9. Be3 O-O 10. f4 Qc7 11. Kh1 Re8 12. Bf3 Rb8
13. Qd2 Bf8 14. Qf2 $5 Bd7 15. g4 e5 16. Nf5 exf4 17. Bxf4 $1 {Carlsen gains a
plus.} ({Known is} 17. Bb6) 17... Be6 18. Rad1 Ne5 19. Bxe5 dxe5 20. g5 Nd7 21.
Nd5 Qc6 22. Bg2 Qc5 $5 23. Qh4 $5 Qxc2 $1 {Anand accepts the challenge.} 24.
Rc1 Qxa4 (24... Qxb2 $5 25. Rc3 g6 26. Rh3 h5 27. gxh6 {leads to great
complications (Anand).}) 25. b3 $5 Qa5 $2 {Black allows a charge on his king.}
(25... Qxb3 $1 26. Rc3 Bxd5 $1 27. Rxb3 Bxb3 {stops the white attack (Anand).})
26. Rc3 g6 27. Rh3 h5 28. Bf3 $2 {Carlsen misses a great opportunity.} (28. Ng3
$3 Qd2 $1 29. Nxh5 gxh5 30. Qxh5 Bg7 31. Rhf3 $1 {brings a strong white attack.
}) 28... Bxd5 29. exd5 Bg7 30. Bxh5 gxf5 31. Bxf7+ Kxf7 32. g6+ Kg8 33. Qh7+ $2
{Carlsen has bad luck during the attack.} (33. Rxf5 Qxd5+ 34. Rhf3 Qxf3+ 35.
Rxf3 Nf8 36. Qc4+ {gives equal chances (Anand).}) 33... Kf8 34. Rxf5+ Ke7 35.
Qxg7+ Kd6 $1 36. Rf7 Qxd5+ 37. Kg1 Rbd8 38. Rh7 Qd4+ 39. Kg2 Qg4+ 40. Kh1 Rg8
$1 41. Rf6+ Kc7 42. Qe7 Qe4+ {Carlsen, Anand and Radjabov shared the second
place.} 0-1